| 000 -LEADER |
| fixed length control field |
00551cam a2200217 a 4500 |
| 001 - CONTROL NUMBER |
| control field |
19256 |
| 003 - CONTROL NUMBER IDENTIFIER |
| control field |
BD-DhUAP |
| 005 - DATE AND TIME OF LATEST TRANSACTION |
| control field |
20200312155551.0 |
| 008 - FIXED-LENGTH DATA ELEMENTS--GENERAL INFORMATION |
| fixed length control field |
200312s1998 ii 000 0 eng |
| 040 ## - CATALOGING SOURCE |
| Original cataloging agency |
DLC |
| Transcribing agency |
DLC |
| Modifying agency |
BD-DhUAP |
| Language of cataloging |
Eng |
| 082 00 - DEWEY DECIMAL CLASSIFICATION NUMBER |
| Classification number |
882.01 ARI |
| Edition number |
23 |
| 100 ## - MAIN ENTRY--PERSONAL NAME |
| Personal name |
Aristophanes. |
| 245 14 - TITLE STATEMENT |
| Title |
The frogs / |
| Statement of responsibility, etc. |
Aristophanes and David Barrett |
| 260 ## - PUBLICATION, DISTRIBUTION, ETC. |
| Place of publication, distribution, etc. |
? : |
| Name of publisher, distributor, etc. |
?, |
| Date of publication, distribution, etc. |
[?]. |
| 300 ## - PHYSICAL DESCRIPTION |
| Extent |
95 pages ; |
| Dimensions |
22 cm. |
| 650 ## - SUBJECT ADDED ENTRY--TOPICAL TERM |
| Topical term or geographic name entry element |
Play writing. |
| 650 ## - SUBJECT ADDED ENTRY--TOPICAL TERM |
| Topical term or geographic name entry element |
Dramatists. |
| 650 ## - SUBJECT ADDED ENTRY--TOPICAL TERM |
| Topical term or geographic name entry element |
Manners and customs. |
| 700 ## - ADDED ENTRY--PERSONAL NAME |
| Personal name |
Barrett, David. |
| 942 ## - ADDED ENTRY ELEMENTS (KOHA) |
| Source of classification or shelving scheme |
|
| Koha item type |
Book |